Formule 1 - Vainqueurs du GP de Suzuka, Japon - Statistiques

Statistiques générales
  • Ce quiz a été pris 105 fois
    28 depuis la dernière actualisation
  • Le résultat moyen est 31 sur 40
Statistiques - réponses
Années Pilotes % Correct
2007 Lewis Hamilton
100%
2014 Lewis Hamilton
100%
2015 Lewis Hamilton
100%
2017 Lewis Hamilton
100%
2018 Lewis Hamilton
100%
2022 Max Verstappen
100%
2023 Max Verstappen
100%
2024 Max Verstappen
100%
2025 Max Verstappen
100%
2006 Fernando Alonso
92%
2008 Fernando Alonso
92%
2009 Sebastian Vettel
92%
2010 Sebastian Vettel
92%
2012 Sebastian Vettel
92%
2013 Sebastian Vettel
92%
2026 Andrea Kimi Antonelli
88%
1988 Ayrton Senna
88%
1993 Ayrton Senna
88%
1995 Michael Schumacher
88%
1997 Michael Schumacher
88%
2000 Michael Schumacher
88%
2001 Michael Schumacher
88%
2002 Michael Schumacher
88%
2004 Michael Schumacher
88%
2019 Valtteri Bottas
88%
2016 Nico Rosberg
81%
2011 Jenson Button
73%
1998 Mika Häkkinen
73%
1999 Mika Häkkinen
73%
2005 Kimi Räikkönen
69%
1994 Damon Hill
65%
1996 Damon Hill
65%
2003 Rubens Barrichello
54%
1977 James Hunt
46%
1990 Nelson Piquet
46%
1992 Riccardo Patrese
27%
1987 Gerhard Berger
15%
1991 Gerhard Berger
15%
1976 Mario Andretti
15%
1989 Alessandro Nannini
0%
Aucun quiz correspondant
Distribution des résultats
% des personnes avec chaque résultat
Percentile par nombre de réponses
Votre historique - résultats
Vous n’avez pas pris ce quiz depuis la dernière actualisation